Southville International School and Colleges
Your cart is empty.
  • Cart
  • Lists
    Public lists Eva Luna New books Lux_list list_1
    Your lists Log in to create your own lists
  • Log in to your account
  • Your cookies
  • Search history
Southville International School and Colleges
  • Advanced search
  • Recent comments
  • Most popular
  • Libraries

Log in to your account

Log in with GOOGLE


If you do not have an external account, but do have a local account, you can still log in:

  1. Home
  2. MARC view: Teacher leadership that strengthens professional practice /
Normal view MARC view ISBD view

Teacher leadership that strengthens professional practice / (Record no. 12533)

[ view plain ]
MARC details
000 -LEADER
fixed length control field 01297cam a22003374a 4500
001 - CONTROL NUMBER
control field 14115449
003 - CONTROL NUMBER IDENTIFIER
control field OSt
005 - DATE AND TIME OF LATEST TRANSACTION
control field 20160603132810.0
008 - FIXED-LENGTH DATA ELEMENTS--GENERAL INFORMATION
fixed length control field 050921s2006 vau b 001 0 eng
010 ## - LIBRARY OF CONGRESS CONTROL NUMBER
LC control number 2005027510
020 ## - INTERNATIONAL STANDARD BOOK NUMBER
International Standard Book Number 1416602712 (alk. paper)
020 ## - INTERNATIONAL STANDARD BOOK NUMBER
International Standard Book Number 9781416602712
035 ## - SYSTEM CONTROL NUMBER
System control number (OCoLC)ocm61731308
040 ## - CATALOGING SOURCE
Original cataloging agency DLC
Transcribing agency DLC
Modifying agency YDX
-- BAKER
-- DLC
042 ## - AUTHENTICATION CODE
Authentication code pcc
050 00 - LIBRARY OF CONGRESS CALL NUMBER
Classification number LB 2806.45
Item number .D36 2006
082 00 - DEWEY DECIMAL CLASSIFICATION NUMBER
Classification number GLT 371.1
Item number D22 2006
100 1# - MAIN ENTRY--PERSONAL NAME
Personal name Danielson, Charlotte.
9 (RLIN) 22418
245 10 - TITLE STATEMENT
Title Teacher leadership that strengthens professional practice /
Statement of responsibility, etc Charlotte Danielson.
260 ## - PUBLICATION, DISTRIBUTION, ETC. (IMPRINT)
Place of publication, distribution, etc Alexandria, Va. :
Name of publisher, distributor, etc Association for Supervision and Curriculum Development,
Date of publication, distribution, etc 2006.
300 ## - PHYSICAL DESCRIPTION
Extent 160 p. :
Dimensions 23 cm.
500 ## - GENERAL NOTE
General note Includes bibliographical references (p. 154-155) and index.
650 #0 - SUBJECT ADDED ENTRY--TOPICAL TERM
Topical term or geographic name as entry element Teacher participation in administration.
9 (RLIN) 22467
650 #0 - SUBJECT ADDED ENTRY--TOPICAL TERM
Topical term or geographic name as entry element Teachers
General subdivision Professional relationships.
9 (RLIN) 22468
650 #0 - SUBJECT ADDED ENTRY--TOPICAL TERM
Topical term or geographic name as entry element Educational leadership.
9 (RLIN) 43
856 41 - ELECTRONIC LOCATION AND ACCESS
Materials specified Table of contents
Uniform Resource Identifier <a href="http://www.loc.gov/catdir/toc/ecip0519/2005027510.html">http://www.loc.gov/catdir/toc/ecip0519/2005027510.html</a>
906 ## - LOCAL DATA ELEMENT F, LDF (RLIN)
a 7
b cbc
c orignew
d 1
e ecip
f 20
g y-gencatlg
942 ## - ADDED ENTRY ELEMENTS (KOHA)
Source of classification or shelving scheme Library of Congress Classification
Koha item type Books
Holdings
Withdrawn status Lost status Source of classification or shelving scheme Damaged status Home library Current library Shelving location Date acquired Total Checkouts Full call number Barcode Date last seen Date checked out Copy number Price effective from Koha item type
    Library of Congress Classification   Luxembourg Library Luxembourg Library Genevive Ledesma - Tan Section 10/01/2013 1 LB 2806.45 .D36 2006 14468 10/25/2018 10/19/2018 1 10/01/2013 Books

Teacher leadership that strengthens professional practice /

APA

Danielson C., . (2006). Teacher leadership that strengthens professional practice. Alexandria, Va: Association for Supervision and Curriculum Development.

Chicago

Danielson Charlotte, . 2006. Teacher leadership that strengthens professional practice. Alexandria, Va: Association for Supervision and Curriculum Development.

Harvard

Danielson C., . (2006). Teacher leadership that strengthens professional practice. Alexandria, Va: Association for Supervision and Curriculum Development.

MLA

Danielson Charlotte, . Teacher leadership that strengthens professional practice. Alexandria, Va: Association for Supervision and Curriculum Development. 2006.

  • Place hold
  • Print
  • Cite
  • Add to your cart (remove)
  • Save record
    BIBTEX Dublin Core MARCXML MARC (non-Unicode/MARC-8) MARC (Unicode/UTF-8) MARC (Unicode/UTF-8, Standard) MODS (XML) RIS
  • More searches
    Search for this title in:
    Other Libraries (WorldCat) Other Databases (Google Scholar) Online Stores (Bookfinder.com) Open Library (openlibrary.org)

Exporting to Dublin Core...

SOUTHVILLE LIBRARY

Southville International School and Colleges Library

1281 Tropical Ave. Cor. Luxembourg St., BF Homes International, Las Pinas City

Tel. No. 8256374 / 252358 Loc. 117/146

Powered by Koha